000 00712nam a22002297a 4500
005 20170124110114.0
010 _aA-387159
020 _c00.00
_a8170412625
035 _aA-387159
037 _bCen Lib/Ret
040 _aDPL
_bEN
082 _a921
_bBAK
100 _aBakshi, S.R.
_91667
245 _aBal gangadhar tilak :
_cby S.R. Bakshi
_bstruggle for Swaraj /
260 _aNew Delhi
_bAnmol Publications
_c1990
270 _a4378/4B, Ansari Road Darya Ganj
_bNew Delhi
_e110002
300 _a288p.
_c21cm(Hb)
500 _aIncludes glossary, bibliographical reference and index
650 _aNationalism
_929659
650 _aStatesmen
_zIndia
_929660
942 _2ddc
_cEN
_h921
_mBAK
999 _c130616
_d130616